Statistics for Polar region

Click here to take the quiz!

General Stats

  • This quiz has been taken 7 times
  • The average score is 6 of 7

Answer Stats

HintAnswer% Correct
CapitalCopenhagen
100%
Which country is it inDenmark
100%
Where are inuits mainly situated nowGreenland
100%
What is the capital of itNuuk
86%
Is france in frigid zoneYes
57%
Is U.K in the frigid zoneyes
57%
Is Japan in frigid zoneyes
57%

Score Distribution

Percentile by Number Answered

Percent of People with Each Score

Your Score History

You have not taken this quiz